[Event "Goch op 26th"]
[Site "Goch"]
[Date "2015.09.06"]
[Round "7"]
[White "Baeumer, Frank"]
[Black "Krebbers, Wilfried"]
[Result "1/2-1/2"]
[WhiteElo "1862"]
[BlackElo "2095"]
[PlyCount "108"]
[EventDate "2015.09.03"]
[EventType "swiss"]
[EventRounds "7"]
[EventCountry "GER"]
[SourceTitle "EXT 2018"]
[Source "ChessBase"]
[SourceDate "2017.10.13"]
[SourceVersion "1"]
[SourceVersionDate "2017.10.13"]
[SourceQuality "1"]

1. e4 Nf6 2. Nc3 d5 3. exd5 Nxd5 4. Qf3 c6 5. Nxd5 Qxd5 6. Qxd5 cxd5 7. d4 Bf5 8. Bf4 Nc6 9. c3 e6 10. Nf3 Be7 11. Ne5 f6 12. Nxc6 bxc6 13. Ba6 Kd7 14. 0-0-0 g5 15. Bg3 Bd6 16. Bxd6 Kxd6 17. Rhe1 Rae8 18. c4 Re7 19. c5+ Kd7 20. Re3 Rb8 21. a3 Ke8 22. Rde1 Kf7 23. b4 Ke8 24. f3 h5 25. Kd2 Kd7 26. Kc3 Rbe8 27. b5 e5 28. a4 exd4+ 29. Kxd4 Rxe3 30. Rxe3 Rxe3 31. Kxe3 Bc2 32. Bb7 Bxa4 33. Bxc6+ Kc7 34. Be8 Bb3 35. Bxh5 Kd7 36. Bg4+ Kc7 37. Bh5 Kd7 38. Kd4 Bc4 39. b6 axb6 40. cxb6 Kc6 41. Bf7 Kxb6 42. Bxd5 Bf1 43. g3 Kc7 44. Bc4 Bh3 45. g4 Kd6 46. Bd3 Ke6 47. Ba6 Kd6 48. Ke3 f5 49. Bc8 fxg4 50. Bxg4 Bf1 51. Ke4 Bg2 52. Kf5 Ke7 53. Kxg5 Bxf3 54. Bxf3 Kf7 1/2-1/2

[Event "Goch op 26th"]
[Site "Goch"]
[Date "2015.09.05"]
[Round "5"]
[White "Winkel, Peter"]
[Black "Krebbers, Wilfried"]
[Result "1/2-1/2"]
[WhiteElo "1908"]
[BlackElo "2095"]
[PlyCount "39"]
[EventDate "2015.09.03"]
[EventType "swiss"]
[EventRounds "7"]
[EventCountry "GER"]
[SourceTitle "EXT 2018"]
[Source "ChessBase"]
[SourceDate "2017.10.13"]
[SourceVersion "1"]
[SourceVersionDate "2017.10.13"]
[SourceQuality "1"]

1. d4 Nf6 2. c4 e6 3. Nc3 Bb4 4. Qc2 c5 5. dxc5 Bxc5 6. Nf3 d5 7. cxd5 Nxd5 8. a3 Nc6 9. e3 0-0 10. b4 Be7 11. Bb2 Nxc3 12. Bxc3 Bf6 13. Rd1 Bxc3+ 14. Qxc3 Qf6 15. Qxf6 gxf6 16. Bb5 a5 17. Bxc6 bxc6 18. Nd4 axb4 19. axb4 Rb8 20. Nxc6 1/2-1/2

[Event "Goch op 25th"]
[Site "Goch"]
[Date "2014.09.05"]
[Round "3"]
[White "Krebbers, Wilfried"]
[Black "Schulz, Jens"]
[Result "1/2-1/2"]
[WhiteElo "2089"]
[BlackElo "2231"]
[PlyCount "62"]
[EventDate "2014.09.04"]
[EventType "swiss"]
[EventRounds "7"]
[EventCountry "GER"]
[SourceTitle "EXT 2016"]
[Source "ChessBase"]
[SourceDate "2015.10.08"]
[SourceVersion "1"]
[SourceVersionDate "2015.10.08"]
[SourceQuality "1"]

1. b4 Nf6 2. Bb2 g6 3. c4 Bg7 4. Nc3 0-0 5. Nf3 d6 6. e3 e5 7. d4 exd4 8. exd4 d5 9. c5 c6 10. Be2 Nbd7 11. 0-0 Ne4 12. Qc2 Ndf6 13. Bd3 Nxc3 14. Bxc3 Nh5 15. g3 Bf6 16. Rfe1 Ng7 17. Ne5 Bf5 18. a4 Re8 19. Rad1 Qc7 20. Qd2 Bxd3 21. Ng4 Nh5 22. Nxf6+ Nxf6 23. Qxd3 Qd7 24. f3 Qh3 25. Bd2 Rxe1+ 26. Rxe1 Re8 27. Rxe8+ Nxe8 28. Qe2 Qd7 29. Qe5 f6 30. Qb8 a6 31. g4 Kf7 1/2-1/2

[Event "Goch op 25th"]
[Site "Goch"]
[Date "2014.09.04"]
[Round "1"]
[White "Krebbers, Wilfried"]
[Black "Schaefer, Michael2222"]
[Result "1-0"]
[WhiteElo "2089"]
[BlackElo "1757"]
[PlyCount "33"]
[EventDate "2014.09.04"]
[EventType "swiss"]
[EventRounds "7"]
[EventCountry "GER"]
[SourceTitle "EXT 2016"]
[Source "ChessBase"]
[SourceDate "2015.10.08"]
[SourceVersion "1"]
[SourceVersionDate "2015.10.08"]
[SourceQuality "1"]

1. b4 d5 2. Bb2 Nf6 3. e3 e6 4. b5 c5 5. c4 b6 6. Nf3 Bb7 7. Be2 Bd6 8. 0-0 Nbd7 9. d4 dxc4 10. dxc5 Bxc5 11. Bxc4 Qc7 12. Nbd2 0-0 13. Rc1 Rad8 14. Qe2 Qb8 15. e4 Qf4 16. Bd3 Bd6 17. e5 1-0

[Event "Goch op 24th"]
[Site "Goch"]
[Date "2013.09.08"]
[Round "7"]
[White "Krebbers, Wilfried"]
[Black "Anders, Hartmut"]
[Result "1-0"]
[WhiteElo "2099"]
[BlackElo "1717"]
[PlyCount "43"]
[EventDate "2013.09.05"]
[EventType "swiss"]
[EventRounds "7"]
[EventCountry "GER"]
[SourceTitle "EXT 2015"]
[Source "ChessBase"]
[SourceDate "2014.11.20"]
[SourceVersion "1"]
[SourceVersionDate "2014.11.20"]
[SourceQuality "1"]

1. b4 c6 2. e3 Qb6 3. a3 a5 4. b5 cxb5 5. Nc3 Nc6 6. Nxb5 Nf6 7. Rb1 Qd8 8. Nf3 b6 9. Be2 Na7 10. Nbd4 e6 11. c4 Be7 12. 0-0 0-0 13. Qb3 Rb8 14. Ne5 Bd6 15. f4 Qc7 16. Nef3 Ne4 17. Bb2 Nc5 18. Qc2 Bb7 19. Ng5 f5 20. Rfc1 h6 21. Ngf3 Nc6 22. Nb5 1-0

[Event "Goch op 23rd"]
[Site "Goch"]
[Date "2012.09.02"]
[Round "7"]
[White "Krebbers, Wilfried"]
[Black "Boldt, Manfred"]
[Result "1-0"]
[WhiteElo "2110"]
[BlackElo "1921"]
[PlyCount "59"]
[EventDate "2012.08.30"]
[EventType "swiss"]
[EventRounds "7"]
[EventCountry "GER"]
[SourceTitle "EXT 2015"]
[Source "ChessBase"]
[SourceDate "2014.11.20"]
[SourceVersion "1"]
[SourceVersionDate "2014.11.20"]
[SourceQuality "1"]

1. b4 e5 2. Bb2 d6 3. e3 Be6 4. Nf3 Nd7 5. c4 Ngf6 6. Nc3 Be7 7. d4 Bg4 8. Be2 0-0 9. 0-0 Re8 10. dxe5 dxe5 11. c5 a5 12. a3 c6 13. Qb3 Qc7 14. Ng5 Rf8 15. Bxg4 Nxg4 16. Ne6 fxe6 17. Qxe6+ Rf7 18. Qxg4 Kh8 19. Qe6 Raf8 20. Ne4 Bf6 21. Rad1 Re7 22. Qc4 axb4 23. axb4 h6 24. Rd2 b6 25. Rfd1 bxc5 26. bxc5 Kh7 27. Bc3 Ra8 28. Rd6 Rf8 29. Qd3 Nxc5 30. Nxf6+ 1-0

[Event "Goch op 23rd"]
[Site "Goch"]
[Date "2012.08.31"]
[Round "2"]
[White "Wiesebach, Wolfgang"]
[Black "Krebbers, Wilfried"]
[Result "1/2-1/2"]
[WhiteElo "1950"]
[BlackElo "2110"]
[PlyCount "119"]
[EventDate "2012.08.30"]
[EventType "swiss"]
[EventRounds "7"]
[EventCountry "GER"]
[SourceTitle "EXT 2015"]
[Source "ChessBase"]
[SourceDate "2014.11.20"]
[SourceVersion "1"]
[SourceVersionDate "2014.11.20"]
[SourceQuality "1"]

1. d4 Nf6 2. Bf4 e6 3. e3 b6 4. c3 Bb7 5. Nf3 Be7 6. h3 d6 7. Nbd2 Nbd7 8. Be2 0-0 9. 0-0 Nd5 10. Bh2 f5 11. Qb3 a5 12. a3 a4 13. Qa2 Kh8 14. c4 N5f6 15. Ng5 Qc8 16. Nxe6 Re8 17. Rac1 Ne4 18. Nxe4 fxe4 19. Qb1 Bf8 20. Nxf8 Rxf8 21. f3 Qe8 22. f4 Qe7 23. g4 Ra5 24. Bg3 c5 25. d5 b5 26. Rfd1 Re8 27. Be1 Ra7 28. Bc3 bxc4 29. Bxc4 Nb6 30. Ba2 Qh4 31. Kg2 Bc8 32. Be1 Qf6 33. b4 axb3 34. Qxb3 Nd7 35. Qc3 Qg6 36. Bc4 Nf6 37. Bg3 Rd8 38. f5 Qe8 39. Rb1 Bb7 40. Rb6 Qe7 41. Qb3 h6 42. a4 Ne8 43. Rb1 Ba8 44. Rb8 Kh7 45. Bf4 Rxb8 46. Qxb8 Rxa4 47. Bb5 Ra2+ 48. Kg3 Nc7 49. Bc6 Ra6 50. Bxa8 Rxa8 51. Qb7 Ra6 52. h4 g5 53. fxg6+ Kxg6 54. Rb6 Rxb6 55. Qxb6 Nxd5 56. Qxd6+ Qxd6 57. Bxd6 Nxe3 58. Bxc5 Nd5 59. Bd4 h5 60. gxh5+ 1/2-1/2

[Event "Goch op 22nd"]
[Site "Goch"]
[Date "2011.10.02"]
[Round "6"]
[White "Krebbers, Wilfried"]
[Black "Eisner, Ernst"]
[Result "1/2-1/2"]
[WhiteElo "2117"]
[BlackElo "1902"]
[PlyCount "43"]
[EventDate "2011.09.29"]
[EventType "swiss"]
[EventRounds "7"]
[EventCountry "GER"]
[SourceTitle "EXT 2014"]
[Source "ChessBase"]
[SourceDate "2013.11.20"]
[SourceVersion "1"]
[SourceVersionDate "2013.11.20"]
[SourceQuality "1"]

1. b4 d5 2. Bb2 Qd6 3. a3 e5 4. Nf3 f6 5. e3 Be6 6. d3 Nd7 7. Nbd2 Nh6 8. c4 c6 9. Be2 Be7 10. 0-0 Kf7 11. c5 Qc7 12. e4 g5 13. g3 a5 14. Qc2 Rhc8 15. Nb3 axb4 16. axb4 b6 17. Rfd1 d4 18. Nfd2 b5 19. Na5 Kg7 20. Nab3 Qd8 21. Ra5 Rxa5 22. Nxa5 1/2-1/2

[Event "Goch op 22nd"]
[Site "Goch"]
[Date "2011.10.01"]
[Round "4"]
[White "Krebbers, Wilfried"]
[Black "Bakshi, Raj"]
[Result "1/2-1/2"]
[WhiteElo "2117"]
[BlackElo "1796"]
[PlyCount "153"]
[EventDate "2011.09.29"]
[EventType "swiss"]
[EventRounds "7"]
[EventCountry "GER"]
[SourceTitle "EXT 2014"]
[Source "ChessBase"]
[SourceDate "2013.11.20"]
[SourceVersion "1"]
[SourceVersionDate "2013.11.20"]
[SourceQuality "1"]

1. b4 d6 2. Bb2 Nd7 3. c4 e5 4. e3 b6 5. Nf3 Be7 6. Nc3 Bb7 7. d4 Bxf3 8. Qxf3 exd4 9. exd4 Ngf6 10. b5 0-0 11. Bd3 Re8 12. 0-0 Bf8 13. Rfe1 g6 14. Qc6 Bg7 15. Rxe8+ Nxe8 16. Nd5 Nc5 17. Bc2 a6 18. bxa6 Ne6 19. Rd1 Rxa6 20. Nb4 Ra5 21. Qf3 Ng5 22. Qe3 Qd7 23. Bb3 Ne6 24. Bc3 Ra8 25. Qf3 Rc8 26. h4 h5 27. Nc6 Nd8 28. Ba4 Nxc6 29. Bxc6 Qe7 30. Re1 Qf8 31. Bd7 Rd8 32. Qc6 Nf6 33. Bh3 Re8 34. Rxe8 Qxe8 35. Qxc7 Qe4 36. Qxd6 Qb1+ 37. Kh2 Ne4 38. Qb4 Qxa2 39. f3 Nxc3 40. Qxc3 Qf2 41. Qd3 Bxd4 42. Qd1 Be5+ 43. Kh1 Qxh4 44. Qe2 Qg3 45. Kg1 Bd4+ 46. Kf1 Kg7 47. Qd2 Bc5 48. Qb2+ Kh7 49. Qd2 Qh4 50. Qc2 Qd4 51. Ke2 Qe3+ 52. Kd1 Bb4 53. Qe2 Qd4+ 54. Kc2 Qc3+ 55. Kd1 Qa1+ 56. Kc2 Qa2+ 57. Kd3 Qb3+ 58. Ke4 f5+ 59. Ke5 Kg7 60. Ke6 Bc3 61. Kd7 Qa4+ 62. Kc7 Qa6 63. Kc6 Bd4 64. Qe6 Qa8+ 65. Kc7 Qa7+ 66. Kc6 Qa8+ 67. Kc7 Qf8 68. g4 fxg4 69. fxg4 Qf4+ 70. Kd7 h4 71. Qe7+ Qf7 72. Qxf7+ Kxf7 73. Kd6 Kf6 74. Kd5 Bf2 75. Ke4 g5 76. Kd5 Bc5 77. Bg2 1/2-1/2

[Event "Goch op 22nd"]
[Site "Goch"]
[Date "2011.09.30"]
[Round "2"]
[White "Krebbers, Wilfried"]
[Black "Densing, Gerd"]
[Result "1-0"]
[WhiteElo "2117"]
[BlackElo "1867"]
[PlyCount "87"]
[EventDate "2011.09.29"]
[EventType "swiss"]
[EventRounds "7"]
[EventCountry "GER"]
[SourceTitle "EXT 2014"]
[Source "ChessBase"]
[SourceDate "2013.11.20"]
[SourceVersion "1"]
[SourceVersionDate "2013.11.20"]
[SourceQuality "1"]

1. b4 b6 2. Bb2 Bb7 3. e3 e6 4. c4 Nf6 5. b5 Be7 6. Nf3 0-0 7. Nc3 d6 8. d4 Nbd7 9. Be2 Ne4 10. 0-0 Nxc3 11. Bxc3 Nf6 12. Qc2 h6 13. Rad1 Qc8 14. Nd2 d5 15. c5 c6 16. Bb4 cxb5 17. Bxb5 bxc5 18. dxc5 a5 19. Ba3 Ba6 20. Rb1 Qc7 21. Rfc1 Rfc8 22. Qa4 Bxb5 23. Rxb5 Qc6 24. Nb3 Bd8 25. Nd4 Qe8 26. Rcb1 e5 27. Nf5 Bc7 28. Nd6 Bxd6 29. cxd6 Rc4 30. Qd1 Qd7 31. Rb7 Qf5 32. f3 Rd8 33. Rb8 Rxb8 34. Rxb8+ Kh7 35. Rb7 Qe6 36. Re7 Qc8 37. Rxf7 Rc3 38. d7 Nxd7 39. Qxd5 Rxa3 40. Qe4+ Kh8 41. Qg6 Qg8 42. Rxd7 Rxa2 43. Re7 Ra1+ 44. Kf2 1-0

[Event "Goch op 21st"]
[Site "Goch"]
[Date "2010.10.03"]
[Round "6"]
[White "Krebbers, Wilfried"]
[Black "Hombrecher, Kai"]
[Result "1-0"]
[WhiteElo "2116"]
[BlackElo "1948"]
[PlyCount "143"]
[EventDate "2010.09.30"]
[EventType "swiss"]
[EventRounds "7"]
[EventCountry "GER"]
[SourceTitle "EXT 2012"]
[Source "ChessBase"]
[SourceDate "2011.11.24"]
[SourceVersion "1"]
[SourceVersionDate "2011.11.24"]
[SourceQuality "1"]

1. b4 e5 2. Bb2 Bxb4 3. Bxe5 Nf6 4. e3 0-0 5. Nf3 Re8 6. Be2 d5 7. 0-0 Bd6 8. Bb2 c5 9. d3 Bd7 10. a4 Bc6 11. Nbd2 Nbd7 12. c4 Ne5 13. d4 cxd4 14. Nxd4 Bd7 15. Nb5 Bb8 16. cxd5 Neg4 17. d6 Bxb5 18. axb5 Qxd6 19. Nf3 Qe6 20. Qd3 Ne5 21. Nxe5 Bxe5 22. Bxe5 Qxe5 23. Rfd1 Ne4 24. Bf3 Nc3 25. Rdc1 Nxb5 26. Ra5 a6 27. Bxb7 Rad8 28. Qf1 Qb8 29. Bxa6 Nc7 30. Be2 Ne6 31. Bf3 Qb4 32. Rb5 Qe7 33. g3 g6 34. Rb7 Qf6 35. Bc6 Rf8 36. Bg2 Ng5 37. Qe2 Ne6 38. Qb2 Qxb2 39. Rxb2 Kg7 40. Bc6 Rc8 41. Rcc2 Kf6 42. f4 Rfd8 43. Kf2 Rd6 44. Bf3 Rxc2+ 45. Rxc2 Rb6 46. Bd5 Ra6 47. g4 h6 48. h4 Rd6 49. g5+ hxg5 50. hxg5+ Kg7 51. Ba2 Rb6 52. Kf3 Ra6 53. Rb2 Rc6 54. Rb7 Ra6 55. Bb3 Rd6 56. Re7 Kf8 57. Ra7 Rb6 58. Bd5 Kg7 59. Ke4 Kf8 60. Ke5 Kg8 61. Ra8+ Kg7 62. Rc8 Ra6 63. Rc6 Ra3 64. Ke4 Ra4+ 65. Kf3 Ra1 66. Bxe6 fxe6 67. Rxe6 Kf7 68. Rf6+ Kg7 69. Rd6 Rf1+ 70. Ke4 Ra1 71. Rd7+ Kf8 72. Ke5 1-0

[Event "Goch op 21st"]
[Site "Goch"]
[Date "2010.10.01"]
[Round "3"]
[White "Hickl, Norbert"]
[Black "Krebbers, Wilfried"]
[Result "0-1"]
[WhiteElo "1912"]
[BlackElo "2116"]
[PlyCount "48"]
[EventDate "2010.09.30"]
[EventType "swiss"]
[EventRounds "7"]
[EventCountry "GER"]
[SourceTitle "EXT 2012"]
[Source "ChessBase"]
[SourceDate "2011.11.24"]
[SourceVersion "1"]
[SourceVersionDate "2011.11.24"]
[SourceQuality "1"]

1. d4 Nf6 2. Bf4 e6 3. e3 b6 4. Nf3 Bb7 5. Nbd2 Be7 6. h3 c5 7. c3 0-0 8. Bd3 Nc6 9. 0-0 d5 10. Ne5 Nxe5 11. dxe5 Nd7 12. Qh5 f5 13. exf6 Nxf6 14. Qe2 Bd6 15. Nf3 Qc7 16. Bxd6 Qxd6 17. Rad1 e5 18. Bc2 a5 19. a4 Ba6 20. Bd3 Bxd3 21. Rxd3 e4 22. Rd2 exf3 23. Qxf3 Qc6 24. b3 Ne4 0-1

[Event "Goch op 20th"]
[Site "Goch"]
[Date "2009.10.04"]
[Round "6"]
[White "Krebbers, Wilfried"]
[Black "Notkevich, Benjamin Arvola"]
[Result "0-1"]
[WhiteElo "2111"]
[BlackElo "2203"]
[PlyCount "100"]
[EventDate "2009.10.01"]
[EventType "swiss"]
[EventRounds "7"]
[EventCountry "GER"]
[SourceTitle "EXT 2011"]
[Source "ChessBase"]
[SourceDate "2010.11.26"]
[SourceVersion "1"]
[SourceVersionDate "2010.11.26"]
[SourceQuality "1"]

1. b4 c5 2. bxc5 e5 3. Bb2 Nc6 4. e3 Bxc5 5. Nf3 d6 6. d4 Bb4+ 7. c3 Ba5 8. Bb5 exd4 9. Nxd4 Nge7 10. 0-0 0-0 11. Qh5 Ne5 12. f4 Ng4 13. e4 a6 14. Ba4 d5 15. e5 Ne3 16. Rf2 Nc4 17. Qe2 Nf5 18. Bb3 b5 19. Nc6 Qc7 20. Nxa5 Qxa5 21. a4 Be6 22. axb5 Qxb5 23. Bxc4 dxc4 24. g4 Ne7 25. f5 Bd5 26. f6 Ng6 27. Ba3 Rfe8 28. Bd6 Rad8 29. Na3 Qc6 30. Qd2 Nxe5 31. Bxe5 Rxe5 32. fxg7 Rde8 33. Nc2 Qg6 34. Ne3 Rxe3 35. Qxd5 Re1+ 36. Rf1 Rxa1 37. Rxa1 Qxg4+ 38. Kh1 Qh3 39. Rf1 a5 40. Qc6 Rd8 41. Re1 Qxc3 42. Re8+ Rxe8 43. Qxe8+ Kxg7 44. Qb5 Qf3+ 45. Kg1 Qe3+ 46. Kg2 c3 47. Qc4 h5 48. Qb5 Kg6 49. Qa6+ f6 50. Qc8 Qe2+ 0-1

[Event "Goch op 20th"]
[Site "Goch"]
[Date "2009.10.03"]
[Round "4"]
[White "Krebbers, Wilfried"]
[Black "Schorr, Joerg"]
[Result "1-0"]
[WhiteElo "2111"]
[BlackElo "1967"]
[PlyCount "65"]
[EventDate "2009.10.01"]
[EventType "swiss"]
[EventRounds "7"]
[EventCountry "GER"]
[SourceTitle "EXT 2011"]
[Source "ChessBase"]
[SourceDate "2010.11.26"]
[SourceVersion "1"]
[SourceVersionDate "2010.11.26"]
[SourceQuality "1"]

1. b4 Nf6 2. Bb2 g6 3. c4 Bg7 4. Nc3 0-0 5. Nf3 d6 6. e3 e5 7. d4 Nbd7 8. Be2 Re8 9. 0-0 exd4 10. exd4 Nh5 11. Qd2 Nf8 12. Rfe1 Ne6 13. g3 Nf6 14. Bf1 Ng4 15. d5 Bh6 16. Qd3 Ng7 17. Rxe8+ Nxe8 18. Re1 Bf5 19. Qe2 Bg7 20. Nh4 Bd7 21. h3 Nh6 22. Bg2 Nf6 23. Nb5 Bxb5 24. cxb5 Qe8 25. Qf1 Qd8 26. Qc4 Ne8 27. Bc1 Qf6 28. Qe4 Kf8 29. Nf3 Qc3 30. Qe7+ Kg8 31. Qxe8+ Rxe8 32. Rxe8+ Bf8 33. Bxh6 1-0

[Event "NRW Class1 0809"]
[Site "Germany"]
[Date "2009.02.01"]
[Round "6.8"]
[White "Krebbers, Wilfried"]
[Black "Sorin, Boris"]
[Result "1-0"]
[WhiteElo "2116"]
[BlackElo "2065"]
[PlyCount "57"]
[EventDate "2008.09.21"]
[EventType "team-tourn"]
[EventRounds "9"]
[EventCountry "GER"]
[SourceTitle "EXT 2010"]
[Source "ChessBase"]
[SourceDate "2010.11.25"]
[SourceVersion "1"]
[SourceVersionDate "2010.11.25"]
[SourceQuality "1"]
[WhiteTeam "Kleve Turm"]
[BlackTeam "Duesseldorf"]
[WhiteTeamCountry "GER"]
[BlackTeamCountry "GER"]

1. b4 c6 2. e3 Nf6 3. c4 a5 4. b5 g6 5. Bb2 Bg7 6. Nf3 0-0 7. Nc3 d5 8. d4 Nbd7 9. Be2 dxc4 10. Bxc4 c5 11. dxc5 Nxc5 12. 0-0 a4 13. Rc1 a3 14. Ba1 b6 15. Nd5 Bb7 16. Nxf6+ Bxf6 17. Bxf6 exf6 18. Nd4 f5 19. Nc6 Bxc6 20. bxc6 Qc7 21. Qf3 Ne4 22. Rfd1 Rfd8 23. Rd4 Rac8 24. Qd1 Kg7 25. Bb5 Nc5 26. Qc2 Ne4 27. Rd7 Qe5 28. Rxd8 Rxd8 29. c7 1-0

[Event "NRW Class1 0809"]
[Site "Germany"]
[Date "2008.11.09"]
[Round "3.8"]
[White "Schriewer, Thomas"]
[Black "Krebbers, Wilfried"]
[Result "1-0"]
[WhiteElo "1994"]
[BlackElo "2116"]
[PlyCount "49"]
[EventDate "2008.09.21"]
[EventType "team-tourn"]
[EventRounds "9"]
[EventCountry "GER"]
[SourceTitle "EXT 2010"]
[Source "ChessBase"]
[SourceDate "2010.11.25"]
[SourceVersion "1"]
[SourceVersionDate "2010.11.25"]
[SourceQuality "1"]
[WhiteTeam "Sodingen"]
[BlackTeam "Kleve Turm"]
[WhiteTeamCountry "GER"]
[BlackTeamCountry "GER"]

1. d4 Nf6 2. c4 e6 3. Nf3 Bb4+ 4. Nbd2 d5 5. e3 0-0 6. a3 Be7 7. Bd3 c5 8. dxc5 dxc4 9. Nxc4 Bxc5 10. Qc2 Nc6 11. 0-0 a6 12. Rd1 Qe7 13. b4 Ba7 14. Bb2 h6 15. Rac1 Nd5 16. Nce5 Nxe5 17. Nxe5 Rd8 18. Bh7+ Kf8 19. Bg6 f5 20. Nf7 Re8 21. Qe2 Bd7 22. Qh5 Bc6 23. Bxg7+ Kxg7 24. Qxh6+ Kf6 25. Bh5# 1-0

[Event "Goch op 19th"]
[Site "Goch"]
[Date "2008.10.12"]
[Round "7"]
[White "Vogel, Jaap"]
[Black "Krebbers, Wilfried"]
[Result "1-0"]
[WhiteElo "2233"]
[BlackElo "2116"]
[PlyCount "61"]
[EventDate "2008.10.09"]
[EventType "swiss"]
[EventRounds "7"]
[EventCountry "GER"]
[SourceTitle "EXT 2011"]
[Source "ChessBase"]
[SourceDate "2010.11.26"]
[SourceVersion "1"]
[SourceVersionDate "2010.11.26"]
[SourceQuality "1"]

1. Nf3 Nf6 2. g3 b5 3. Bg2 Bb7 4. d4 e6 5. Bg5 h6 6. Bxf6 Qxf6 7. a4 b4 8. 0-0 c5 9. c3 d5 10. Nbd2 a5 11. e4 dxe4 12. Ne5 cxd4 13. cxd4 Bd6 14. Nxe4 Bxe4 15. Bxe4 Ra6 16. Qe2 Rb6 17. Nc4 Ra6 18. Bb7 Qd8 19. Bxa6 Nxa6 20. Nxd6+ Qxd6 21. Qb5+ Ke7 22. Rac1 Rb8 23. Qxa5 Rb6 24. Rc4 f6 25. Qh5 Qd5 26. Qe2 Kd6 27. Rfc1 Nb8 28. Rc5 Qxd4 29. R5c4 Qe5 30. Qd3+ Ke7 31. Rc7+ 1-0

[Event "Goch op 18th"]
[Site "Goch"]
[Date "2007.10.07"]
[Round "7"]
[White "Krebbers, Wilfried"]
[Black "Schmidt, Martin4444"]
[Result "0-1"]
[WhiteElo "2118"]
[BlackElo "1653"]
[PlyCount "82"]
[EventDate "2007.10.04"]
[EventType "swiss"]
[EventRounds "7"]
[EventCountry "GER"]
[SourceTitle "EXT 2011"]
[Source "ChessBase"]
[SourceDate "2010.11.26"]
[SourceVersion "1"]
[SourceVersionDate "2010.11.26"]
[SourceQuality "1"]

1. b4 d5 2. Bb2 Nf6 3. e3 e6 4. b5 c5 5. c4 Be7 6. Nf3 0-0 7. Be2 b6 8. d4 Bb7 9. 0-0 Nbd7 10. Nc3 Ne4 11. dxc5 Nxc3 12. Bxc3 bxc5 13. a4 Bf6 14. Qc2 Rc8 15. a5 Qe7 16. Rfb1 Rfd8 17. Ra2 Bxc3 18. Qxc3 Nf6 19. Nd2 e5 20. cxd5 Nxd5 21. Qb3 Rd6 22. Nc4 Rh6 23. Bf3 e4 24. Bg4 Rf8 25. g3 Qg5 26. Be2 Qf5 27. Bf1 Qh5 28. h3 Bc8 29. Bg2 Bxh3 30. Bxe4 Bf5 31. Bg2 Bxb1 32. Rd2 Nb4 33. Qxb1 Qh2+ 34. Kf1 Qh1+ 35. Bxh1 Rxh1+ 36. Ke2 Rxb1 37. b6 Rc1 38. Ne5 axb6 39. axb6 Rc2 40. Nd7 Rxd2+ 41. Kxd2 Rd8 0-1

[Event "Goch op 18th"]
[Site "Goch"]
[Date "2007.10.06"]
[Round "4"]
[White "Frericks, Harald"]
[Black "Krebbers, Wilfried"]
[Result "1-0"]
[WhiteElo "2244"]
[BlackElo "2118"]
[PlyCount "109"]
[EventDate "2007.10.04"]
[EventType "swiss"]
[EventRounds "7"]
[EventCountry "GER"]
[SourceTitle "EXT 2011"]
[Source "ChessBase"]
[SourceDate "2010.11.26"]
[SourceVersion "1"]
[SourceVersionDate "2010.11.26"]
[SourceQuality "1"]

1. e4 Nf6 2. e5 Nd5 3. d4 d6 4. Nf3 g6 5. Be2 Bg7 6. 0-0 0-0 7. c4 Nb6 8. exd6 cxd6 9. Nc3 Nc6 10. Be3 d5 11. c5 Nc4 12. Bc1 e5 13. dxe5 Be6 14. Bg5 Qa5 15. Bxc4 dxc4 16. Ne4 Nxe5 17. Nf6+ Bxf6 18. Bxf6 Nd7 19. Bd4 Nxc5 20. Qc1 f6 21. b4 cxb3 22. axb3 Nxb3 23. Rxa5 Nxc1 24. Rxc1 a6 25. Rc7 Rac8 26. Rac5 Rxc7 27. Rxc7 Rf7 28. Rxf7 Kxf7 29. Kf1 Bd5 30. Ke2 Ke6 31. Bb6 Kd6 32. g3 Ke6 33. Nd4+ Kd6 34. Ke3 Ke7 35. Nc2 Bb3 36. Nb4 Ke6 37. Ke4 Bd1 38. Kd4 Kf5 39. Nd5 Ke6 40. Bd8 f5 41. h4 Bf3 42. Ne3 Kd7 43. Ba5 Kc6 44. Nc4 Kb5 45. Bd8 Kb4 46. Be7+ Kb5 47. Ne5 Bd1 48. Nd7 Kc6 49. Nf8 a5 50. Nxh7 b5 51. Nf8 Bh5 52. Bd8 a4 53. Ba5 Kd6 54. Bb4+ Kc6 55. Ne6 1-0

[Event "Goch op 18th"]
[Site "Goch"]
[Date "2007.10.06"]
[Round "5"]
[White "Krebbers, Wilfried"]
[Black "Hombrecher, Kai"]
[Result "1/2-1/2"]
[WhiteElo "2118"]
[BlackElo "1942"]
[PlyCount "50"]
[EventDate "2007.10.04"]
[EventType "swiss"]
[EventRounds "7"]
[EventCountry "GER"]
[SourceTitle "EXT 2011"]
[Source "ChessBase"]
[SourceDate "2010.11.26"]
[SourceVersion "1"]
[SourceVersionDate "2010.11.26"]
[SourceQuality "1"]

1. b4 e5 2. Bb2 Bxb4 3. Bxe5 Nf6 4. e3 Nc6 5. Bb2 0-0 6. Nf3 d5 7. Be2 Qe7 8. 0-0 Bf5 9. d3 Rad8 10. Nbd2 Rfe8 11. a3 Bd6 12. c4 Ne5 13. Nxe5 Bxe5 14. d4 Bf4 15. Bf3 Bh6 16. cxd5 Nxd5 17. Re1 Bc8 18. Qb3 Rd6 19. a4 Nxe3 20. fxe3 Bxe3+ 21. Kh1 Rh6 22. g3 Qg5 23. Kg2 Bh3+ 24. Kh1 Qxg3 25. hxg3 Bg4+ 1/2-1/2

[Event "Goch op 18th"]
[Site "Goch"]
[Date "2007.10.05"]
[Round "3"]
[White "Krebbers, Wilfried"]
[Black "Esser, Norbert"]
[Result "1/2-1/2"]
[WhiteElo "2118"]
[BlackElo "2268"]
[PlyCount "53"]
[EventDate "2007.10.04"]
[EventType "swiss"]
[EventRounds "7"]
[EventCountry "GER"]
[SourceTitle "EXT 2011"]
[Source "ChessBase"]
[SourceDate "2010.11.26"]
[SourceVersion "1"]
[SourceVersionDate "2010.11.26"]
[SourceQuality "1"]

1. b4 e5 2. Bb2 d6 3. e3 Nf6 4. Nf3 Nbd7 5. c4 g6 6. Nc3 Bg7 7. d4 0-0 8. dxe5 dxe5 9. Be2 Re8 10. e4 Nh5 11. 0-0 Nf4 12. Nd5 Nxe2+ 13. Qxe2 c6 14. Ne3 Qe7 15. a3 Nf8 16. c5 b5 17. cxb6 axb6 18. Nc4 Ba6 19. Qc2 Bxc4 20. Qxc4 Rac8 21. a4 b5 22. axb5 cxb5 23. Qxb5 Rb8 24. Qa5 Qxb4 25. Bxe5 Bxe5 26. Nxe5 Rb5 27. Qxb4 1/2-1/2

[Event "Goch op 16th"]
[Site "Goch"]
[Date "2005.10.02"]
[Round "4"]
[White "Krebbers, Wilfried"]
[Black "Proettel, Swen"]
[Result "0-1"]
[WhiteElo "2164"]
[BlackElo "2170"]
[PlyCount "76"]
[EventDate "2005.09.30"]
[EventType "swiss"]
[EventRounds "7"]
[EventCountry "GER"]
[SourceTitle "EXT 2007"]
[Source "ChessBase"]
[SourceDate "2006.11.23"]
[SourceVersion "1"]
[SourceVersionDate "2006.11.23"]
[SourceQuality "1"]

1. b4 c6 2. e3 Qb6 3. a3 a5 4. b5 d5 5. c4 Nf6 6. Nc3 g6 7. Bb2 dxc4 8. Bxc4 Bg7 9. Qb3 0-0 10. Nf3 Nbd7 11. Bxf7+ Rxf7 12. Ng5 Ne5 13. d4 Nd3+ 14. Ke2 Nxb2 15. Qxf7+ Kh8 16. Qb3 h6 17. Nf7+ Kh7 18. Qxb2 c5 19. Na4 Qe6 20. Ne5 cxd4 21. exd4 Nd7 22. Qa2 Qf5 23. Qb1 Qe6 24. Qe4 Nxe5 25. dxe5 Bxe5 26. Rad1 Bd7 27. Qd5 Qg4+ 28. f3 Qxg2+ 29. Ke3 Qg5+ 30. Kf2 Bxb5 31. Rhg1 Qh4+ 32. Rg3 Bxg3+ 33. hxg3 Qh2+ 34. Ke3 Qe2+ 35. Kf4 Rf8+ 36. Kg4 Bxa4 37. Rd3 Bc2 38. Rd4 h5+ 0-1